Central Library OPAC University of Rajshahi

Stanley Gibbons priced postage stamp catalogue . (Record no. 80400)

MARC details
000 -LEADER
fixed length control field 00735nam a2200253 a 4500
001 - CONTROL NUMBER
control field 80400
003 - CONTROL NUMBER IDENTIFIER
rucl marc code BD-RjUL
005 - DATE AND TIME OF LATEST TRANSACTION
control field 20220920113100.0
008 - FIXED-LENGTH DATA ELEMENTS--GENERAL INFORMATION
fixed length control field 220920s1966 enkar 0 0 0eng d
035 ## - SYSTEM CONTROL NUMBER
System control number 1095798
System control number (BD-RjUL)80400
040 ## - CATALOGING SOURCE
Original cataloging agency ANL
Language of cataloging eng
Modifying agency ANL
Transcribing agency BD-RjUL
041 ## - LANGUAGE CODE
Language code of text/sound track or separate title eng
082 04 - DEWEY DECIMAL CLASSIFICATION NUMBER
Edition number 23
Classification number 383.23
Author mark and year STA 1966
245 00 - TITLE STATEMENT
Title Stanley Gibbons priced postage stamp catalogue .
250 ## - EDITION STATEMENT
Edition statement 56th ed.
260 ## - PUBLICATION, DISTRIBUTION, ETC. (IMPRINT)
Place of publication, distribution, etc. London :
Name of publisher, distributor, etc. Stanley Gibbons Ltd.,
Date of publication, distribution, etc. 1966
300 ## - PHYSICAL DESCRIPTION
Pagination v. :
Illustrations ill. ;
Size 24 cm.
500 ## - GENERAL NOTE
General note At head of title: Stanley Gibbons sectional catalogue.
General note Issued in 12 parts.
505 ## - FORMATTED CONTENTS NOTE
Formatted contents note Part II - Europe and colonies--
650 #0 - SUBJECT ADDED ENTRY--TOPICAL TERM
Topical term or geographic name as entry element Postage-stamps
General subdivision Catalogs.
9 (RLIN) 4910
942 ## - ADDED ENTRY ELEMENTS (KOHA)
Source of classification or shelving scheme Dewey Decimal Classification
Koha item type Books
Holdings
Lost status Source of classification or shelving scheme Damaged status Not for loan Collection code Permanent Location Current Location Shelving location Date acquired Source of acquisition Cost, normal purchase price Total Checkouts Full call number Date last seen Copy number Koha item type
  Dewey Decimal Classification   Not For Loan Non-fiction Central Library, University of Rajshahi Central Library, University of Rajshahi Reading Room 11/07/1969 Karachi : Pak American Commercial 18.75   383.23 STA 1966 20/09/2022 C-1 Books